| 000 | 00354nam a2200145 a 4500 | ||
|---|---|---|---|
| 001 | 3761 | ||
| 003 | CDMR | ||
| 005 | 20130918131353.0 | ||
| 008 | 130130s2001||||||||||||||||||||||||||||d | ||
| 040 |
_aCDMR _bcat _cCPC GIRONA |
||
| 100 | 1 |
_aClark, Mary Jane _92674 |
|
| 245 | 1 | 0 |
_aVols saber un secret? _cClark, Mary Jane |
| 260 |
_c2001 _bProa |
||
| 942 |
_cMON _2udc |
||
| 999 |
_c3761 _d3761 |
||